[Event "Titled Tuesday intern op 23rd Apr Late"]
[Site "Chess.com INT"]
[Date "2024.04.23"]
[Round "1"]
[White "Chan, Naruna"]
[Black "Matinian, Nikita"]
[Result "1-0"]
[WhiteElo "1977"]
[BlackElo "2392"]
[PlyCount "105"]
[EventDate "2024.04.23"]
[EventType "swiss (blitz)"]
[EventRounds "11"]
[EventCountry "USA"]
[SourceTitle "CB18_2024"]
[SourceDate "2024.05.01"]
[SourceVersion "1"]
[SourceVersionDate "2024.05.01"]
[SourceQuality "2"]

1. e4 c5 2. c3 d5 3. exd5 Qxd5 4. d4 Nf6 5. Nf3 e6 6. Be3 cxd4 7. cxd4 Nc6 8. Nc3 Qd8 9. Bd3 Be7 10. 0-0 0-0 11. Rc1 b6 12. Bb1 Bb7 13. Ne5 Rc8 14. Qf3 Nxe5 15. Qxb7 Rc7 16. Qa6 Neg4 17. Qe2 Qd6 18. g3 Nxe3 19. fxe3 Qd7 20. Rcd1 Bb4 21. Qd3 Rfc8 22. Rxf6 gxf6 23. Qxh7+ Kf8 24. Ne4 Ke7 25. Qh4 Qa4 26. Qxf6+ Ke8 27. Rf1 Bf8 28. Ng5 Qd7 29. Bg6 Qe7 30. Bxf7+ Kd7 31. Bxe6+ Ke8 32. Bxc8 Qxf6 33. Rxf6 Rxc8 34. Rf2 Bh6 35. h4 Rc1+ 36. Kg2 Ra1 37. a3 b5 38. Re2 a5 39. e4 Rd1 40. d5 b4 41. axb4 axb4 42. Ne6 b3 43. Nc5 Rb1 44. Nxb3 Bg7 45. Nc5 Bxb2 46. e5 Bd4 47. Ne6 Bb6 48. d6 Rg1+ 49. Kh3 Rh1+ 50. Kg4 Rd1 51. Ng7+ Kf7 52. e6+ Kxg7 53. e7 1-0

[Event "Titled Tuesday intern op 23rd Apr Late"]
[Site "Chess.com INT"]
[Date "2024.04.23"]
[Round "10"]
[White "Chigaev, Maksim"]
[Black "Matinian, Nikita"]
[Result "0-1"]
[WhiteElo "2621"]
[BlackElo "2392"]
[PlyCount "86"]
[EventDate "2024.04.23"]
[EventType "swiss (blitz)"]
[EventRounds "11"]
[EventCountry "USA"]
[SourceTitle "CB18_2024"]
[SourceDate "2024.05.01"]
[SourceVersion "1"]
[SourceVersionDate "2024.05.01"]
[SourceQuality "2"]

1. d4 Nf6 2. c4 g6 3. Nc3 Bg7 4. e4 d6 5. Be2 0-0 6. Nf3 Na6 7. 0-0 e5 8. Re1 Bg4 9. Be3 Re8 10. d5 Nh5 11. g3 Nf6 12. a3 Nc5 13. Qc2 a5 14. b4 axb4 15. axb4 Rxa1 16. Rxa1 Ncxe4 17. Nxe4 Nxe4 18. Qxe4 f5 19. Qb1 e4 20. Nd4 Bxd4 21. Bxd4 Bxe2 22. Qb3 Qg5 23. Bb2 Qd2 24. c5 e3 25. Qc3 Qxc3 26. Bxc3 Bf3 27. cxd6 cxd6 28. fxe3 Rxe3 29. Bf6 Bxd5 30. Rd1 Re6 31. Bg5 Bc6 32. Kf2 Kf7 33. Be3 Re4 34. Rd4 Rxd4 35. Bxd4 Ke6 36. Ke3 Kd5 37. Bc3 Kc4 38. Be1 d5 39. h4 d4+ 40. Kf4 Kd3 41. Bf2 Kc3 42. Be1+ Kc2 43. h5 d3 0-1

[Event "Titled Tuesday intern op 23rd Apr Late"]
[Site "Chess.com INT"]
[Date "2024.04.23"]
[Round "11"]
[White "Matinian, Nikita"]
[Black "Dominguez Perez, Leinier"]
[Result "1-0"]
[WhiteElo "2392"]
[BlackElo "2748"]
[PlyCount "105"]
[EventDate "2024.04.23"]
[EventType "swiss (blitz)"]
[EventRounds "11"]
[EventCountry "USA"]
[SourceTitle "CB18_2024"]
[SourceDate "2024.05.01"]
[SourceVersion "1"]
[SourceVersionDate "2024.05.01"]
[SourceQuality "2"]

1. e4 c5 2. Nf3 d6 3. Bb5+ Nd7 4. 0-0 a6 5. Bxd7+ Bxd7 6. c3 Nf6 7. Re1 Bc6 8. d4 Bxe4 9. Bg5 Bc6 10. Bxf6 gxf6 11. d5 Bd7 12. a4 f5 13. Ng5 h5 14. Nd2 Bg7 15. Nc4 Kf8 16. Qf3 h4 17. a5 Bf6 18. Qf4 Rh5 19. Nf3 Rb8 20. Re3 Kg7 21. Rae1 Bb5 22. Nb6 Qh8 23. Rxe7 Bxe7 24. Rxe7 Qh6 25. Qxh6+ Rxh6 26. c4 Be8 27. Rc7 h3 28. g3 Kf6 29. Nc8 Kg7 30. Ng5 Kf8 31. f4 Ra8 32. Kf2 Rb8 33. Ke3 Ra8 34. Kd2 Rb8 35. Kc3 Ra8 36. b4 cxb4+ 37. Kxb4 Rb8 38. c5 dxc5+ 39. Kxc5 Bb5 40. Rxf7+ Kg8 41. Ne7+ Kh8 42. Nxf5 b6+ 43. Kd4 Rh5 44. axb6 a5 45. b7 Ba6 46. d6 Bxb7 47. d7 Bc6 48. Ke5 a4 49. Ne7 Bxd7 50. Ng6+ Kg8 51. Rxd7 Ra8 52. Kf6 Rh6 53. Rg7# 1-0

[Event "Titled Tuesday intern op 23rd Apr Late"]
[Site "Chess.com INT"]
[Date "2024.04.23"]
[Round "9"]
[White "Matinian, Nikita"]
[Black "Martin Fuentes, Alberto"]
[Result "1-0"]
[WhiteElo "2392"]
[BlackElo "2372"]
[PlyCount "175"]
[EventDate "2024.04.23"]
[EventType "swiss (blitz)"]
[EventRounds "11"]
[EventCountry "USA"]
[SourceTitle "CB18_2024"]
[SourceDate "2024.05.01"]
[SourceVersion "1"]
[SourceVersionDate "2024.05.01"]
[SourceQuality "2"]

1. e4 e6 2. d4 d5 3. Nc3 Bb4 4. Nge2 dxe4 5. a3 Bxc3+ 6. Nxc3 Nc6 7. d5 exd5 8. Qxd5 Be6 9. Qxe4 Nf6 10. Qh4 Qd4 11. Bg5 Qxh4 12. Bxh4 Nd5 13. Nxd5 Bxd5 14. 0-0-0 Be6 15. Bb5 0-0 16. Rhe1 a6 17. Bxc6 bxc6 18. Bg3 Rfc8 19. Re5 Bd5 20. f3 Kf8 21. Bf2 Re8 22. Bc5+ Kg8 23. Rde1 Rxe5 24. Rxe5 Be6 25. b3 Rd8 26. c4 h6 27. Kc2 Kh7 28. Be3 Kg6 29. g4 Kf6 30. Ra5 Bc8 31. Rc5 Bb7 32. Bf4 Rd7 33. h4 Ke7 34. h5 f6 35. Rf5 Kf7 36. Be3 Re7 37. Kd3 Rd7+ 38. Kc3 Re7 39. Bc5 Re1 40. Rf4 Bc8 41. Rd4 Rf1 42. Rd3 f5 43. gxf5 Bxf5 44. Re3 Be6 45. Kb4 Rh1 46. Re5 Rh3 47. Ka5 Rxf3 48. Re3 Rf5 49. b4 Bxc4 50. Re7+ Kf6 51. Rxc7 Rxh5 52. Rxc6+ Kf7 53. Rc7+ Kg8 54. Kb6 Rh3 55. Bd4 g5 56. Rxc4 Rxa3 57. Rc6 Kh7 58. Kb7 h5 59. Rxa6 Rb3 60. Bc5 h4 61. Kc6 g4 62. b5 h3 63. Ra7+ Kg6 64. Bd6 g3 65. Ra8 g2 66. Rg8+ Kh7 67. Rg4 Rc3+ 68. Kd7 Rc1 69. Bh2 Rh1 70. b6 Rxh2 71. b7 g1Q 72. Rxg1 Rb2 73. Kc7 Kh6 74. Rh1 Rc2+ 75. Kd8 Rd2+ 76. Kc8 Rc2+ 77. Kb8 h2 78. Ka7 Ra2+ 79. Kb6 Rb2+ 80. Kc7 Rc2+ 81. Kd7 Rd2+ 82. Ke7 Re2+ 83. Kf7 Rf2+ 84. Kg8 Rg2+ 85. Kh8 Rc2 86. Rxh2+ Rxh2 87. b8Q Kg5+ 88. Qxh2 1-0

[Event "Titled Tuesday intern op 23rd Apr Late"]
[Site "Chess.com INT"]
[Date "2024.04.23"]
[Round "8"]
[White "Matinian, Nikita"]
[Black "Paravyan, David"]
[Result "1/2-1/2"]
[WhiteElo "2392"]
[BlackElo "2606"]
[PlyCount "218"]
[EventDate "2024.04.23"]
[EventType "swiss (blitz)"]
[EventRounds "11"]
[EventCountry "USA"]
[SourceTitle "CB18_2024"]
[SourceDate "2024.05.01"]
[SourceVersion "1"]
[SourceVersionDate "2024.05.01"]
[SourceQuality "2"]

1. e4 e5 2. Nf3 Nf6 3. Nxe5 d6 4. Nf3 Nxe4 5. Qe2 Qe7 6. d3 Nf6 7. Bg5 Qxe2+ 8. Bxe2 Be7 9. Nc3 h6 10. Bd2 Nc6 11. 0-0-0 Be6 12. Nh4 g5 13. Nf3 0-0-0 14. Rde1 Rde8 15. h3 Rhg8 16. Nb5 Nd5 17. a3 Nf4 18. Bxf4 gxf4 19. Rhg1 Bf6 20. Nc3 d5 21. Nd1 Kd7 22. Nd2 Nd4 23. c3 Nxe2+ 24. Rxe2 Bxh3 25. Rxe8 Kxe8 26. Rh1 Bxg2 27. Rxh6 Bg5 28. Rh5 d4 29. cxd4 Bf6 30. d5 Bd4 31. Rf5 Rg4 32. Ne4 Bxe4 33. dxe4 f3 34. e5 Re4 35. e6 fxe6 36. dxe6 Rxe6 37. Rxf3 Re2 38. Rd3 Bxf2 39. Rd2 Rxd2 40. Kxd2 Bd4 41. Kd3 Bf6 42. b3 Kd7 43. Kc4 c6 44. a4 Kd6 45. Nf2 Be7 46. b4 a6 47. a5 Ke5 48. Nd3+ Kd6 49. Nc5 Kc7 50. Ne6+ Kd7 51. Nd4 Bf8 52. Nf3 Bg7 53. Nd2 Bf6 54. Ne4 Be7 55. Nc3 Kc8 56. Na4 Kc7 57. Nc3 Bg5 58. Ne4 Be3 59. Nc3 Bg1 60. Na4 Kd6 61. Nc3 Be3 62. Ne4+ Kd7 63. Nf6+ Kd8 64. Ne4 Kc7 65. Nc3 Bf2 66. Na4 Ba7 67. Nc3 Kd6 68. Ne4+ Ke6 69. Nd2 Bb8 70. Ne4 Bd6 71. Ng5+ Kd7 72. Nf3 c5 73. bxc5 Bc7 74. Kb4 Kc6 75. Nd4+ Kd5 76. Nf5 Bf4 77. Ne7+ Ke6 78. Nc8 Bd2+ 79. Ka4 Kd5 80. Nd6 Kc6 81. Ne4 Be1 82. Nd6 Bf2 83. Ne4 Bxc5 84. Nc3 Bd4 85. Ne4 Kd5 86. Nd2 Bc3 87. Nb3 Kc4 88. Nc1 Bf6 89. Nb3 Bg5 90. Na1 Kc3 91. Nb3 Be3 92. Na1 Kb2 93. Nb3 Kc3 94. Na1 Bc5 95. Nb3 Bd6 96. Nc1 Be5 97. Nb3 Kc4 98. Nd2+ Kd5 99. Nb3 Bc7 100. Nd2 Bf4 101. Nb3 Bh6 102. Na1 Kc4 103. Nb3 Bg5 104. Na1 Be7 105. Nb3 Bb4 106. Na1 Be1 107. Nc2 Bd2 108. Na1 Be3 109. Nb3 Kc3 1/2-1/2

[Event "Titled Tuesday intern op 23rd Apr Late"]
[Site "Chess.com INT"]
[Date "2024.04.23"]
[Round "3"]
[White "Suarez Uriel, Adrian"]
[Black "Matinian, Nikita"]
[Result "1-0"]
[WhiteElo "2412"]
[BlackElo "2392"]
[PlyCount "99"]
[EventDate "2024.04.23"]
[EventType "swiss (blitz)"]
[EventRounds "11"]
[EventCountry "USA"]
[SourceTitle "CB18_2024"]
[SourceDate "2024.05.01"]
[SourceVersion "1"]
[SourceVersionDate "2024.05.01"]
[SourceQuality "2"]

1. e4 c5 2. Nf3 e6 3. d4 cxd4 4. Nxd4 Nc6 5. Nc3 Qc7 6. f4 a6 7. Nxc6 Qxc6 8. Bd3 b5 9. a3 Bb7 10. Bd2 Nf6 11. Qe2 Bc5 12. 0-0-0 Rc8 13. Kb1 b4 14. axb4 Bxb4 15. Nd5 Bxd2 16. Nxf6+ gxf6 17. Rxd2 h5 18. Rhd1 Rc7 19. g3 Ke7 20. e5 f5 21. Qe3 Rhc8 22. Qe2 Rh8 23. Qe3 a5 24. Qe2 Qc5 25. Bb5 Bd5 26. Ba4 Rg8 27. Qxh5 Rb8 28. Qh4+ Ke8 29. Qh8+ Qf8 30. Qxf8+ Kxf8 31. b3 Ke7 32. Kb2 Rc4 33. Ka3 Rc3 34. Kb2 Rbc8 35. Re1 R8c7 36. Ree2 Rf3 37. Rd3 Rxd3 38. cxd3 f6 39. Rc2 Rb7 40. d4 Bxb3 41. Bxb3 Rb4 42. Rc4 Rb8 43. Ra4 Rh8 44. h4 Rg8 45. Rxa5 Rxg3 46. Ra7 Rg4 47. exf6+ Kxf6 48. Rxd7 Rxf4 49. Rd6 Rxd4 50. Rxd4 1-0

[Event "Titled Tuesday intern op 16th Apr Early"]
[Site "Chess.com INT"]
[Date "2024.04.16"]
[Round "10"]
[White "Dominguez Perez, Leinier"]
[Black "Matinian, Nikita"]
[Result "0-1"]
[WhiteElo "2748"]
[BlackElo "2392"]
[PlyCount "86"]
[EventDate "2024.04.16"]
[EventType "swiss (blitz)"]
[EventRounds "11"]
[EventCountry "USA"]
[SourceTitle "CB17_2024"]
[SourceDate "2024.04.24"]
[SourceVersion "1"]
[SourceVersionDate "2024.04.24"]
[SourceQuality "1"]

1. e4 c5 2. Nf3 e6 3. d4 cxd4 4. Nxd4 Nc6 5. Nc3 Qc7 6. Be2 a6 7. Nxc6 bxc6 8. Qd3 Nf6 9. Qg3 e5 10. f4 d6 11. 0-0 h5 12. fxe5 dxe5 13. Bg5 Bc5+ 14. Kh1 Ng4 15. h3 Be6 16. Rad1 f6 17. Bc1 Kf7 18. Na4 Ba7 19. b3 Qa5 20. Nb2 Qxa2 21. Bc4 Bxc4 22. Nxc4 Qxc2 23. Rd2 Qb1 24. Rd7+ Ke6 25. Rfd1 Qxe4 26. R1d6+ Kf5 27. Rxg7 Nf2+ 28. Kh2 Ng4+ 29. Kh1 Qe2 30. Qf3+ Qxf3 31. gxf3 Nf2+ 32. Kg2 Rhg8 33. Rdd7 Rxg7+ 34. Rxg7 Nd3 35. Bd2 Nf4+ 36. Kh2 Bd4 37. Rc7 Rg8 38. Rxc6 Rg2+ 39. Kh1 Rg1+ 40. Kh2 Rg2+ 41. Kh1 Rg3 42. Nd6+ Kg6 43. Ne4 Rxh3# 0-1

[Event "Titled Tuesday intern op 16th Apr Late"]
[Site "Chess.com INT"]
[Date "2024.04.16"]
[Round "8"]
[White "Ibarra Jerez, Jose Carlos"]
[Black "Matinian, Nikita"]
[Result "1-0"]
[WhiteElo "2559"]
[BlackElo "2392"]
[PlyCount "109"]
[EventDate "2024.04.16"]
[EventType "swiss (blitz)"]
[EventRounds "11"]
[EventCountry "USA"]
[SourceTitle "CB17_2024"]
[SourceDate "2024.04.24"]
[SourceVersion "1"]
[SourceVersionDate "2024.04.24"]
[SourceQuality "1"]

1. e4 c5 2. Nf3 e6 3. d3 Nc6 4. g3 Nf6 5. Bg2 d6 6. 0-0 e5 7. c3 Be7 8. d4 cxd4 9. cxd4 Bg4 10. d5 Nd4 11. Be3 Nxf3+ 12. Bxf3 Bxf3 13. Qxf3 Qd7 14. a4 h5 15. Nc3 h4 16. Rfc1 a6 17. a5 Rc8 18. b3 Bd8 19. Bb6 Bxb6 20. axb6 Qh3 21. Qg2 Qxg2+ 22. Kxg2 Kd7 23. Kf3 g5 24. Nd1 g4+ 25. Ke3 hxg3 26. hxg3 Rh1 27. Rxc8 Kxc8 28. Rc1+ Kd8 29. Ke2 Nxe4 30. Rc7 Nc5 31. b4 Nb3 32. Rxb7 Nd4+ 33. Kd2 Nb3+ 34. Kc3 Rxd1 35. Rxf7 Rxd5 36. b7 Rb5 37. Kxb3 d5 38. Ka4 d4 39. Kb3 d3 40. Kc3 e4 41. Rf4 Rxb7 42. Rxe4 Rd7 43. Kd2 Kc7 44. Rxg4 Kb6 45. Rg5 Rf7 46. f4 Rd7 47. Re5 Kc6 48. Rc5+ Kb6 49. g4 Rf7 50. f5 Rg7 51. Rc4 Kb5 52. Rf4 Re7 53. f6 Rf7 54. g5 Kc6 55. g6 1-0

[Event "Titled Tuesday intern op 16th Apr Early"]
[Site "Chess.com INT"]
[Date "2024.04.16"]
[Round "6"]
[White "Matinian, Nikita"]
[Black "Malyshev, Vasilij"]
[Result "1-0"]
[WhiteElo "2392"]
[BlackElo "2353"]
[PlyCount "109"]
[EventDate "2024.04.16"]
[EventType "swiss (blitz)"]
[EventRounds "11"]
[EventCountry "USA"]
[SourceTitle "CB17_2024"]
[SourceDate "2024.04.24"]
[SourceVersion "1"]
[SourceVersionDate "2024.04.24"]
[SourceQuality "1"]

1. e4 e5 2. Nf3 Nf6 3. Nxe5 d6 4. Nf3 Nxe4 5. Qe2 Qe7 6. d3 Nf6 7. Bg5 Qxe2+ 8. Bxe2 Be7 9. Nc3 c6 10. 0-0-0 Na6 11. Rde1 Nc7 12. d4 Be6 13. h3 Kd7 14. Bd3 h6 15. Bd2 Rhe8 16. g4 Ncd5 17. Ne2 b5 18. Ng3 Nb6 19. Rhf1 Bc4 20. Bxc4 Nxc4 21. Nf5 Bf8 22. Bf4 Nd5 23. Bg3 g6 24. N5h4 Be7 25. Ng2 Bf6 26. b3 Ncb6 27. Nf4 Nxf4 28. Bxf4 Nd5 29. Bxh6 Rh8 30. g5 Be7 31. Kd2 Bf8 32. Bxf8 Raxf8 33. h4 Ne7 34. Re4 Nf5 35. Rf4 Rh5 36. c4 a6 37. d5 cxd5 38. cxd5 Rc8 39. Rc1 Rhh8 40. Rxc8 Rxc8 41. Nd4 Nxd4 42. Rxd4 Re8 43. Rf4 Re7 44. Rf6 Kc7 45. f4 Kb6 46. Rxd6+ Kc5 47. Rxa6 Kxd5 48. Rf6 Ke4 49. Kc3 Ra7 50. Kb4 Rxa2 51. Rxf7 Rh2 52. Kxb5 Rxh4 53. b4 Rxf4 54. Rxf4+ Kxf4 55. Kc6 1-0

[Event "Titled Tuesday intern op 16th Apr Late"]
[Site "Chess.com INT"]
[Date "2024.04.16"]
[Round "1"]
[White "Matinian, Nikita"]
[Black "Mizzi, Jack"]
[Result "1-0"]
[WhiteElo "2392"]
[BlackElo "2051"]
[PlyCount "83"]
[EventDate "2024.04.16"]
[EventType "swiss (blitz)"]
[EventRounds "11"]
[EventCountry "USA"]
[SourceTitle "CB17_2024"]
[SourceDate "2024.04.24"]
[SourceVersion "1"]
[SourceVersionDate "2024.04.24"]
[SourceQuality "1"]

1. e4 c6 2. d4 d5 3. e5 Bf5 4. Nf3 e6 5. Be2 Nd7 6. 0-0 Ne7 7. Nbd2 Bg6 8. Nb3 Nf5 9. a4 Be7 10. a5 0-0 11. g4 Nh4 12. Nxh4 Bxh4 13. f4 Be4 14. Nd2 f5 15. Nxe4 dxe4 16. g5 Kh8 17. Bc4 Qe8 18. Ra3 b5 19. Ba2 h5 20. Rh3 g6 21. Rxh4 Rd8 22. Qe2 Nb8 23. c3 Na6 24. Be3 Rd5 25. Bxd5 exd5 26. b3 Qe6 27. Rc1 Rb8 28. c4 b4 29. cxd5 cxd5 30. Rh3 Rc8 31. Rxc8+ Qxc8 32. Rg3 Kg7 33. Kf2 Kf7 34. Rg1 Qb7 35. Rc1 Nc7 36. Qc2 Nb5 37. Qc6 Qxc6 38. Rxc6 Nc3 39. Rf6+ Kg7 40. Ra6 Nd1+ 41. Ke2 Nc3+ 42. Ke1 1-0

[Event "Titled Tuesday intern op 16th Apr Late"]
[Site "Chess.com INT"]
[Date "2024.04.16"]
[Round "7"]
[White "Matinian, Nikita"]
[Black "Sjugirov, Sanan"]
[Result "1-0"]
[WhiteElo "2392"]
[BlackElo "2689"]
[PlyCount "69"]
[EventDate "2024.04.16"]
[EventType "swiss (blitz)"]
[EventRounds "11"]
[EventCountry "USA"]
[SourceTitle "CB17_2024"]
[SourceDate "2024.04.24"]
[SourceVersion "1"]
[SourceVersionDate "2024.04.24"]
[SourceQuality "1"]

1. e4 c5 2. Nf3 d6 3. d4 cxd4 4. Nxd4 Nf6 5. Nc3 a6 6. h4 e5 7. Nb3 Be7 8. Be2 Be6 9. f4 exf4 10. Bxf4 Nc6 11. Qd2 Ne5 12. 0-0-0 Nfd7 13. h5 0-0 14. h6 g6 15. Nd5 Bxd5 16. Qxd5 Qc7 17. Kb1 Rac8 18. c3 Nb6 19. Qa5 Bf6 20. Rhf1 Bh8 21. Bg4 Nec4 22. Qb4 Rcd8 23. Na5 Nxb2 24. Rxd6 Rxd6 25. Bxd6 Qd8 26. Nxb7 Qg5 27. Bxf8 N2a4 28. Bg7 Bxg7 29. hxg7 Kxg7 30. Qd4+ Kg8 31. Qd8+ Qxd8 32. Nxd8 Nxc3+ 33. Ka1 Nxe4 34. Nxf7 h5 35. Be6 1-0

[Event "Titled Tuesday intern op 16th Apr Early"]
[Site "Chess.com INT"]
[Date "2024.04.16"]
[Round "7"]
[White "Matinian, Nikita"]
[Black "Smirnov, Mark1"]
[Result "1-0"]
[WhiteElo "2392"]
[BlackElo "2128"]
[PlyCount "41"]
[EventDate "2024.04.16"]
[EventType "swiss (blitz)"]
[EventRounds "11"]
[EventCountry "USA"]
[SourceTitle "CB17_2024"]
[SourceDate "2024.04.24"]
[SourceVersion "1"]
[SourceVersionDate "2024.04.24"]
[SourceQuality "1"]

1. e4 e5 2. Nf3 Nf6 3. Nxe5 d6 4. Nf3 Nxe4 5. Qe2 Qe7 6. d3 Nf6 7. Bg5 Bg4 8. Bxf6 gxf6 9. Nbd2 d5 10. Qxe7+ Bxe7 11. 0-0-0 Nd7 12. h3 Bxf3 13. Nxf3 Bc5 14. d4 Bd6 15. Re1+ Kf8 16. Bd3 Re8 17. g3 h5 18. Nh4 c5 19. Bb5 Rd8 20. Nf5 Bc7 21. Re7 1-0

[Event "Titled Tuesday intern op 16th Apr Early"]
[Site "Chess.com INT"]
[Date "2024.04.16"]
[Round "2"]
[White "Mortazavi, Ali"]
[Black "Matinian, Nikita"]
[Result "1-0"]
[WhiteElo "2333"]
[BlackElo "2392"]
[PlyCount "79"]
[EventDate "2024.04.16"]
[EventType "swiss (blitz)"]
[EventRounds "11"]
[EventCountry "USA"]
[SourceTitle "CB17_2024"]
[SourceDate "2024.04.24"]
[SourceVersion "1"]
[SourceVersionDate "2024.04.24"]
[SourceQuality "1"]

1. Nf3 Nf6 2. g3 b5 3. Bg2 Bb7 4. 0-0 e6 5. c3 c5 6. a4 b4 7. d4 cxd4 8. cxd4 Be7 9. Nbd2 0-0 10. Nb3 d6 11. a5 Nbd7 12. a6 Bd5 13. Bf4 Qb6 14. Nfd2 Bxg2 15. Kxg2 Nd5 16. e4 Nxf4+ 17. gxf4 Rac8 18. Kh1 f5 19. Rg1 fxe4 20. Qg4 Rf7 21. Qxe6 Rd8 22. Nxe4 d5 23. Qxb6 Nxb6 24. Nec5 Nc4 25. Rae1 Nxb2 26. Ne6 Re8 27. Nc7 Rd8 28. Rg3 Nc4 29. Ne6 Re8 30. Nc7 Rd8 31. Ne6 Rd6 32. Nbc5 g6 33. Rb3 Rb6 34. Nc7 Bxc5 35. dxc5 Rc6 36. Re8+ Kg7 37. Ne6+ Kf6 38. Nd8 Re7 39. Rxe7 Rxa6 40. Rf7# 1-0

[Event "Titled Tuesday intern op 02nd Apr Early"]
[Site "Chess.com INT"]
[Date "2024.04.02"]
[Round "2"]
[White "Goltseva, Ekaterina"]
[Black "Matinian, Nikita"]
[Result "1-0"]
[WhiteElo "2304"]
[BlackElo "2392"]
[PlyCount "87"]
[EventDate "2024.04.02"]
[EventType "swiss (blitz)"]
[EventRounds "11"]
[EventCountry "USA"]
[SourceTitle "CB15_2024"]
[SourceDate "2024.04.10"]
[SourceVersion "1"]
[SourceVersionDate "2024.04.10"]
[SourceQuality "1"]

1. d4 Nf6 2. c4 g6 3. Nc3 Bg7 4. e4 d6 5. Nge2 Nc6 6. d5 Ne5 7. Ng3 h5 8. f4 Ned7 9. Be2 h4 10. Nf1 Nc5 11. Nd2 a5 12. 0-0 Nh5 13. Nf3 c6 14. Be3 Bxc3 15. Bxc5 Bxb2 16. Bd4 Bxd4+ 17. Qxd4 Rh6 18. e5 c5 19. Qe3 h3 20. f5 hxg2 21. Rf2 Rh8 22. fxg6 fxg6 23. e6 Qb6 24. Bd3 Kd8 25. Rb1 Qa7 26. Ng5 Kc7 27. Rf7 Re8 28. Bxg6 Nf6 29. Rxf6 Rg8 30. Bh7 exf6 31. Bxg8 fxg5 32. Qxg5 Qa6 33. Qe7+ Kb8 34. Rb5 Ka7 35. Qc7 a4 36. Ra5 a3 37. Rxa6+ Kxa6 38. e7 Bf5 39. Qxd6+ b6 40. Bf7 Bb1 41. e8Q Rxe8 42. Bxe8 Bxa2 43. Qc6 Bxc4 44. Qa8# 1-0

[Event "Titled Tuesday intern op 02nd Apr Late"]
[Site "Chess.com INT"]
[Date "2024.04.02"]
[Round "3"]
[White "Kanter, Eduard"]
[Black "Matinian, Nikita"]
[Result "0-1"]
[WhiteElo "2344"]
[BlackElo "2392"]
[PlyCount "58"]
[EventDate "2024.04.02"]
[EventType "swiss (blitz)"]
[EventRounds "11"]
[EventCountry "USA"]
[SourceTitle "CB15_2024"]
[SourceDate "2024.04.10"]
[SourceVersion "1"]
[SourceVersionDate "2024.04.10"]
[SourceQuality "1"]

1. d4 Nf6 2. c4 e6 3. Nf3 Bb4+ 4. Bd2 a5 5. g3 b6 6. Bg2 Bb7 7. 0-0 0-0 8. Nc3 Bxc3 9. Bxc3 d6 10. Ne1 Bxg2 11. Nxg2 Nbd7 12. Qc2 d5 13. b3 Rc8 14. Nf4 c6 15. Bb2 Re8 16. Nd3 b5 17. Rac1 Ne4 18. f3 Nd6 19. c5 Nf5 20. e4 Ne3 21. Qd2 Nxf1 22. Rxf1 dxe4 23. fxe4 e5 24. d5 cxd5 25. exd5 Nxc5 26. Nxe5 f6 27. Ng4 Ne4 28. Qd4 Rc2 29. Ne3 Rd2 0-1

[Event "Titled Tuesday intern op 02nd Apr Early"]
[Site "Chess.com INT"]
[Date "2024.04.02"]
[Round "10"]
[White "Matinian, Nikita"]
[Black "Bluebaum, Matthias"]
[Result "0-1"]
[WhiteElo "2392"]
[BlackElo "2649"]
[PlyCount "168"]
[EventDate "2024.04.02"]
[EventType "swiss (blitz)"]
[EventRounds "11"]
[EventCountry "USA"]
[SourceTitle "CB15_2024"]
[SourceDate "2024.04.10"]
[SourceVersion "1"]
[SourceVersionDate "2024.04.10"]
[SourceQuality "1"]

1. e4 e6 2. Qe2 c5 3. f4 Nc6 4. Nf3 g6 5. g3 Bg7 6. Bg2 Nge7 7. d3 0-0 8. 0-0 d6 9. a4 a6 10. Nbd2 Rb8 11. Nc4 b5 12. axb5 axb5 13. Ne3 Qb6 14. Kh1 Bb7 15. f5 exf5 16. exf5 Rbe8 17. Qf2 Nd4 18. Nh4 Nexf5 19. Nhxf5 Nxf5 20. Nxf5 gxf5 21. c3 Re6 22. Bg5 h6 23. Bh4 b4 24. Rac1 Bxg2+ 25. Kxg2 bxc3 26. bxc3 Qc6+ 27. Kh3 Re5 28. d4 Rd5 29. Qf3 cxd4 30. cxd4 Qb5 31. Rb1 Qc4 32. Rb4 Qxb4 33. Qxd5 Qxd4 34. Rxf5 Qxd5 35. Rxd5 Re8 36. Rxd6 Re2 37. Rd7 Ra2 38. Rd5 Kh7 39. g4 Kg6 40. Bg3 Kh7 41. Rf5 Kg6 42. Rf2 Ra4 43. Rf5 Bf6 44. Rb5 Bg5 45. Rb6+ f6 46. Rb2 Rc4 47. Re2 Ra4 48. Rc2 h5 49. gxh5+ Kxh5 50. Kg2 f5 51. h3 Ra3 52. Rc8 f4 53. Rh8+ Kg6 54. Rg8+ Kf5 55. Rf8+ Ke4 56. Re8+ Kd5 57. Bf2 Bf6 58. h4 Kd6 59. h5 Ra5 60. h6 Rh5 61. Kf3 Rxh6 62. Kxf4 Kd7 63. Re4 Be7 64. Kf3 Rf6+ 65. Rf4 Ra6 66. Rd4+ Ke6 67. Re4+ Kf7 68. Bg3 Ra3+ 69. Re3 Ra4 70. Re4 Ra2 71. Re2 Ra6 72. Re4 Bf6 73. Bf4 Kg6 74. Be3 Ra2 75. Rg4+ Kf5 76. Rf4+ Ke6 77. Re4+ Kd5 78. Rb4 Ra3 79. Rb5+ Kc4 80. Rb1 Bg5 81. Rc1+ Kb4 82. Re1 Kb5 83. Kf2 Bh4+ 84. Ke2 Bxe1 0-1

[Event "Titled Tuesday intern op 02nd Apr Late"]
[Site "Chess.com INT"]
[Date "2024.04.02"]
[Round "9"]
[White "Shandrygin, Nikita"]
[Black "Matinian, Nikita"]
[Result "1/2-1/2"]
[WhiteElo "2209"]
[BlackElo "2392"]
[PlyCount "142"]
[EventDate "2024.04.02"]
[EventType "swiss (blitz)"]
[EventRounds "11"]
[EventCountry "USA"]
[SourceTitle "CB15_2024"]
[SourceDate "2024.04.10"]
[SourceVersion "1"]
[SourceVersionDate "2024.04.10"]
[SourceQuality "1"]

1. Nf3 Nf6 2. g3 b5 3. Bg2 Bb7 4. 0-0 e6 5. d4 c5 6. b3 cxd4 7. Bb2 Nc6 8. Nxd4 Qb6 9. e3 Rc8 10. Nd2 Nxd4 11. Bxd4 Bc5 12. Bxc5 Rxc5 13. c4 Bxg2 14. Kxg2 0-0 15. b4 Rcc8 16. c5 Qc6+ 17. Qf3 d6 18. Nb3 dxc5 19. Nxc5 Nd5 20. a3 Nb6 21. Qxc6 Rxc6 22. Rfd1 Rfc8 23. Kf3 Kf8 24. a4 bxa4 25. Nxa4 Nd5 26. Nc5 R8c7 27. Rd4 Ke7 28. h4 h5 29. Nd3 Rc2 30. Nf4 Nxf4 31. Rxf4 Rb2 32. Re4 f5 33. Rd4 Rcc2 34. Rf1 Ra2 35. e4 g6 36. exf5 gxf5 37. Rf4 Kf6 38. Kg2 e5 39. Rf3 e4 40. Rb3 Ke5 41. Kg1 f4 42. gxf4+ Kxf4 43. b5 Rab2 44. Rb1 Rxb1+ 45. Rxb1 Rc7 46. b6 Rb7 47. Rb5 axb6 48. Kf1 Kg4 49. Rb4 Kf3 50. Rb5 Kg4 51. Rb4 Kxh4 52. Rxe4+ Kg5 53. Kg2 b5 54. Rb4 Kf5 55. Kh3 Ke5 56. Kh4 Kd5 57. Kxh5 Kc5 58. Rb1 b4 59. f4 Kd4 60. Kg6 Rb6+ 61. Kg5 Rb5+ 62. f5 Kc3 63. Kg6 Kc2 64. Rf1 b3 65. f6 b2 66. f7 Rb6+ 67. Kg7 Rb7 68. Kg8 Rb8+ 69. f8Q Rxf8+ 70. Kxf8 b1Q 71. Rxb1 Kxb1 1/2-1/2